Before the coffee gets cold /
In a small back alley in Tokyo at a century-old coffee shop rumored to offer patrons the chance to travel back in time, four customers reevaluate their formative life choices.
| Autor Principal: | |
|---|---|
| Outros autores: | |
| Formato: | Libro |
| Idioma: | English Japanese |
| Publicado: |
London :
Picador, an imprint of Pan Macmillan,
2019.
|
| Subjects: | |
| Títulos relacionados: | Reproduction of (manifestation):
Before the coffee gets cold. |
| Classic Catalogue: | View this record in Classic Catalogue |
| LEADER | 03058nam a2200517 i 4500 | ||
|---|---|---|---|
| 001 | 44469 | ||
| 003 | BD-DhAAL | ||
| 005 | 20250707134910.0 | ||
| 008 | 250707t2019 enk 000 1 eng d | ||
| 010 | |a 2022285886 | ||
| 020 | |a 9781529029581 | ||
| 020 | |a 1529029589 | ||
| 020 | |a 9781335430991 | ||
| 020 | |a 1335430997 | ||
| 035 | |a 22688699 | ||
| 035 | |a (OCoLC)1204218020 | ||
| 040 | |a NjBwBT |b eng |c YU6 |e rda |d YU6 |d OCLCO |d OCLCQ |d IH9 |d OCO |d TCH |d OCLCO |d BDX |d JTH |d EAU |d OCLCF |d ILC |d CNWPU |d VP@ |d B@L |d OCLCO |d OPW |d OCLCO |d DLC |d BD-DhAAL | ||
| 041 | 1 | |a eng |h jpn | |
| 042 | |a pcc | ||
| 043 | |a a-ja--- | ||
| 050 | 0 | 0 | |a PL872.5.A85 |b C6413 2020 |
| 082 | |a 895.636 |2 23 | ||
| 100 | 1 | |a Kawaguchi, Toshikazu, |d 1971- |e author. |9 58668 | |
| 240 | 1 | 0 | |a Coffee ga samenai uchini. |l English |
| 245 | 1 | 0 | |a Before the coffee gets cold / |c Toshikazu Kawaguchi ; translated from the Japanese by Geoffrey Trousselot. |
| 260 | |a London : |b Picador, an imprint of Pan Macmillan, |c 2019. | ||
| 300 | |a 213 pages ; |c 19 cm | ||
| 500 | |a "Originally published in Japanese in 2015 as Coffee Ga Samenai Uchimi by Sunmark Publishing, Inc., Tokyo, Japan."--Title page verso. | ||
| 500 | |a First published. | ||
| 505 | 0 | 0 | |t The lovers -- |t Husband and wife -- |t The sisters -- |t Mother and child. |
| 520 | |a In a small back alley in Tokyo at a century-old coffee shop rumored to offer patrons the chance to travel back in time, four customers reevaluate their formative life choices. | ||
| 520 | |a In a small back alley of Tokyo, there is a café that has been serving carefully brewed coffee for more than one hundred years. Local legend says that this shop offers coffee-- and the chance to travel back in time. Over the course of one summer, four customers visit the café in the hopes of making that journey. There are rules that must be followed. And the most important one: the trip can last only as long as it takes for the coffee to get cold. -- adapted from jacket | ||
| 541 | |a Donated by Farhana Zahir, Assistant Professor, BRAC Business School |e 44469 | ||
| 546 | |a In English. Translated from the Japanese. | ||
| 650 | 0 | |a Coffeehouses |z Japan |z Tokyo |v Fiction. |9 58669 | |
| 650 | 0 | |a Time travel |v Fiction. |9 58670 | |
| 650 | 0 | |a Interpersonal relations |v Fiction. | |
| 650 | 6 | |a Voyages dans le temps |v Romans, nouvelles, etc. |9 58671 | |
| 650 | 6 | |a Japanese fiction. |9 29355 | |
| 655 | 2 | |a Fictional Work |9 58676 | |
| 700 | 1 | |a Trousselot, Geoffrey, |e translator. |9 58680 | |
| 775 | 0 | 8 | |i Reproduction of (manifestation): |a Kawaguchi, Toshikazu, 1971- |t Before the coffee gets cold. |d London : Picador, an imprint of Pan Macmillan, 2019 |z 9781529029581 |
| 852 | |a Ayesha Abed Library |c General Stacks | ||
| 942 | |2 ddc |c BK | ||
| 999 | |c 47319 |d 47319 | ||
| 952 | |0 0 |1 0 |2 ddc |4 0 |6 895_636000000000000_KAW |7 0 |9 77853 |a BRACUL |b BRACUL |c NEW |d 2025-07-07 |e Donated by Farhana Zahir, Assistant Professor, BRAC Business School |l 5 |m 26 |o 895.636 KAW |p 3010044469 |q 2026-06-02 |r 2025-12-03 |s 2025-12-03 |t 1 |w 2025-07-07 |y BK |x Donated by Farhana Zahir, Assistant Professor, BRAC Business School ; £8.99 | ||